Logos de Marques Tech Aléatoires - Statistiques

Statistiques générales
  • Ce quiz a été pris 59 fois
  • Le résultat moyen est 10 sur 16
Statistiques - réponses
Par images Réponse % Correct
Amazon
100%
Apple
100%
Google
100%
LG
100%
Spotify
100%
Microsoft
95%
Samsung
95%
Discord
90%
Asus
88%
Meta
88%
HP
87%
Steam
86%
Revolut
85%
Huawei
83%
OpenAI
77%
NordVPN
75%
Vodafone
72%
Dell
70%
Adobe
69%
Xiaomi
69%
JBL
67%
Nvidia
67%
Alienware
62%
Wiko
56%
Razer
55%
AMD
53%
Beats
50%
WinRAR
47%
Logitech
45%
Texas Instruments
45%
Cisco
33%
MSI
30%
OnePlus
29%
Raspberry
29%
Corsair
24%
Garmin
19%
Oracle
19%
Git
18%
Philips
18%
Boston Dynamics
12%
Xampp
0%
Aucun quiz correspondant
Distribution des résultats
% des personnes avec chaque résultat
Percentile par nombre de réponses
Votre historique - résultats
Vous n’avez pas pris ce quiz